000 01118nam a2200277 i 4500
003 DO-SdBNP
005 20240918103141.0
007 ta
008 100902s1991 dr 000 0 spa d
040 _aDO-SdBNP
_bspa
_cBNPHU
_erda
082 4 _bR426c
_222
110 1 _aRepública Dominicana
_9447
240 1 3 _a[ Leyes, etc.]
245 1 0 _aCódigo penal de la República Dominicana :
_bpromulgado por decreto del 20 de agosto de 1884 /
264 _aSanto Domingo :
_beditor no identificado,
_c1991.
300 _a174 páginas
_c21 cm.
336 _atexto
_btxt
_2rdacontent
337 _asin mediación
_bn
_2rdamedia
338 _avolumen
_bnc
_2rdacarrier
500 _aIncluye índice alfabético y de materias
500 _aIncluye tablas de materias.
500 _aActualizada por la comisión nombrada mediante Decreto No. 826 del 26 de febrero de 1983 del Presidente de la República Dr. Salvador Jorge Blanco en ocasión del os actos conmemorativos del Centenario de la adopción en el país de los Códigos Franceses.
590 _aInventariado, 2023/ YL
910 _aYLockward
942 _2ddc
_cLBS1
999 _c54997
_d54997